[Event "Titled Tuesday intern op 06th Oct"]
[Site "Chess.com INT"]
[Date "2020.10.06"]
[Round "1"]
[White "Ruiz Sanchez, Orlen"]
[Black "Popov, Denis"]
[Result "1-0"]
[WhiteElo "2383"]
[BlackElo "2256"]
[PlyCount "193"]
[EventDate "2020.10.06"]
[EventType "swiss (blitz)"]
[EventRounds "10"]
[EventCountry "USA"]
[SourceTitle "CBM 198 Extra"]
[Source "ChessBase"]
[SourceDate "2020.11.30"]
[SourceVersion "1"]
[SourceVersionDate "2020.11.30"]
[SourceQuality "1"]

1. e4 c5 2. Nf3 Nc6 3. d4 cxd4 4. Nxd4 e5 5. Nb5 a6 6. Nd6+ Bxd6 7. Qxd6 Qf6 8. Qa3 Nd4 9. Bd3 Qg6 10. 0-0 d5 11. exd5 Nf3+ 12. Kh1 Qh5 13. Bb5+ axb5 14. Qxf3 Qxf3 15. gxf3 Nf6 16. Re1 0-0 17. Rxe5 Rd8 18. Bg5 Rxd5 19. Rxd5 Nxd5 20. Na3 b4 21. Nc4 Be6 22. Kg2 f6 23. Bd2 Nf4+ 24. Bxf4 Bxc4 25. b3 Bb5 26. Bd2 Rc8 27. Rc1 Ra8 28. Bxb4 Rxa2 29. Kg3 Bc6 30. h4 Kf7 31. Bc5 h5 32. Be3 Ke6 33. Kf4 Ra5 34. Kg3 Rf5 35. f4 Rd5 36. f3 Kf5 37. Kf2 Rd7 38. Ke2 Re7 39. c4 Rd7 40. b4 b5 41. Kf2 bxc4 42. Rxc4 Bd5 43. Rc5 Ke6 44. b5 g6 45. b6 Bb7 46. Rc1 Rd5 47. Re1 Rd7 48. Rg1 Kf7 49. Ra1 Ke6 50. Ra7 Kf7 51. Kg3 Ke6 52. Ra3 Kf5 53. Ra1 Ke6 54. Re1 Kf5 55. Rc1 Ke6 56. Rc5 Rd5 57. Rc7 Rd7 58. Rc3 Rd5 59. Rc1 Rd6 60. Rg1 Rd7 61. Kf2 Kf5 62. Rc1 Ke6 63. Rc5 Ke7 64. f5 gxf5 65. Rxf5 Kf7 66. Rxh5 Kg6 67. Rc5 Kf7 68. h5 Ke6 69. h6 Rh7 70. Rh5 Kf7 71. Rc5 Kg6 72. Rc7 Bd5 73. Rxh7 Kxh7 74. Kg3 Bb7 75. Kf4 Kg6 76. Kg3 Kh7 77. Kf2 Kg6 78. Ke1 Bxf3 79. Kd2 Bb7 80. Kc3 f5 81. Bf4 Kh7 82. Kd4 Kg6 83. Ke5 Be4 84. Kd6 Kh7 85. Kc7 Kg6 86. b7 Bxb7 87. Kb6 Be4 88. Kc5 Kh7 89. Kd4 Kg6 90. Ke5 Kh7 91. Kf6 Kh8 92. Kg6 Kg8 93. h7+ Kf8 94. h8Q+ Ke7 95. Qe5+ Kd7 96. Qd6+ Kc8 97. Qc7# 1-0

[Event "Titled Tuesday intern op 06th Oct"]
[Site "Chess.com INT"]
[Date "2020.10.06"]
[Round "8"]
[White "Timofeev, Artyom"]
[Black "Ruiz Sanchez, Orlen"]
[Result "0-1"]
[WhiteElo "2585"]
[BlackElo "2383"]
[PlyCount "80"]
[EventDate "2020.10.06"]
[EventType "swiss (blitz)"]
[EventRounds "10"]
[EventCountry "USA"]
[SourceTitle "CBM 198 Extra"]
[Source "ChessBase"]
[SourceDate "2020.11.30"]
[SourceVersion "1"]
[SourceVersionDate "2020.11.30"]
[SourceQuality "1"]

1. d4 d5 2. c4 c6 3. Nf3 Nf6 4. Nc3 e6 5. e3 Nbd7 6. Be2 dxc4 7. a4 a5 8. Bxc4 Bd6 9. 0-0 0-0 10. Qc2 e5 11. Rd1 Qe7 12. Bb3 Re8 13. Ng5 Rf8 14. h3 h6 15. Nf3 exd4 16. exd4 Nb6 17. Re1 Qd8 18. Ne5 Nbd5 19. Bxd5 Nxd5 20. Nxd5 cxd5 21. Bf4 Bb4 22. Re3 Be6 23. Qd3 Qf6 24. Bg3 Qf5 25. Qe2 Rac8 26. Nd3 Rc4 27. Be5 Rfc8 28. Nxb4 axb4 29. Re1 Rc2 30. Qf3 Qxf3 31. Rxf3 Rxb2 32. Rg3 g5 33. h4 g4 34. h5 Rc3 35. f3 b3 36. fxg4 Rxg3 37. Bxg3 Ra2 38. Kh2 b2 39. Rb1 Bxg4 40. Be5 Bf5 0-1

[Event "Titled Tuesday intern op 29th Sept"]
[Site "Chess.com INT"]
[Date "2020.09.29"]
[Round "10"]
[White "Levine, Joseph1111"]
[Black "Ruiz Sanchez, Orlen"]
[Result "0-1"]
[WhiteElo "2073"]
[BlackElo "2383"]
[PlyCount "78"]
[EventDate "2020.09.29"]
[EventType "swiss (blitz)"]
[EventRounds "10"]
[EventCountry "USA"]
[SourceTitle "CBM 198 Extra"]
[Source "ChessBase"]
[SourceDate "2020.11.30"]
[SourceVersion "1"]
[SourceVersionDate "2020.11.30"]
[SourceQuality "1"]

1. e4 c5 2. Nf3 d6 3. d4 cxd4 4. Nxd4 Nf6 5. Nc3 a6 6. Bd3 e6 7. 0-0 Be7 8. f4 Qc7 9. Be3 Nbd7 10. Qf3 h5 11. h3 b5 12. a3 Bb7 13. Rac1 Rc8 14. Rfe1 h4 15. Bf2 g6 16. f5 gxf5 17. Nd5 Nxd5 18. Nxf5 exf5 19. exd5 Ne5 20. Qxf5 Bxd5 21. Bd4 Rg8 22. Re2 Qd7 23. Bxe5 dxe5 24. Qxe5 Rc6 25. Bf5 Be6 26. Bh7 Rc5 27. Qe3 Rg7 28. Qh6 Rcg5 29. Be4 Bd5 30. Bxd5 Qxd5 31. Qh8+ Rg8 32. Qxg8+ Rxg8 33. Rce1 Qc5+ 34. Kh2 Kf8 35. c3 Bd6+ 36. Kh1 Rg6 37. b4 Qg5 38. c4 Qg3 39. cxb5 Qh2# 0-1

[Event "Titled Tuesday intern op 29th Sept"]
[Site "Chess.com INT"]
[Date "2020.09.29"]
[Round "7"]
[White "Ruiz Sanchez, Orlen"]
[Black "Volkov, Sergei"]
[Result "0-1"]
[WhiteElo "2383"]
[BlackElo "2277"]
[PlyCount "110"]
[EventDate "2020.09.29"]
[EventType "swiss (blitz)"]
[EventRounds "10"]
[EventCountry "USA"]
[SourceTitle "CBM 198 Extra"]
[Source "ChessBase"]
[SourceDate "2020.11.30"]
[SourceVersion "1"]
[SourceVersionDate "2020.11.30"]
[SourceQuality "1"]

1. e4 c5 2. Nf3 d6 3. d4 cxd4 4. Qxd4 a6 5. h3 Nc6 6. Qe3 g6 7. Be2 Bg7 8. 0-0 Nf6 9. c4 0-0 10. Rd1 Be6 11. Nc3 Nd7 12. Ng5 Nc5 13. Nxe6 fxe6 14. Bd2 Bd4 15. Qh6 Rxf2 16. Be3 Bxe3 17. Qxe3 Rf7 18. Rab1 a5 19. b3 Qb6 20. Bg4 Rf6 21. Nb5 h5 22. Be2 Nd7 23. Qxb6 Nxb6 24. Rbc1 Nd7 25. Bd3 Nce5 26. Bc2 Nc5 27. Rd4 Raf8 28. a3 Nc6 29. Rd2 h4 30. Kh2 Rf2 31. Rcd1 e5 32. Kg1 Rxd2 33. Rxd2 Rf4 34. Re2 Ne6 35. Rf2 Ned4 36. Nxd4 Nxd4 37. Rxf4 exf4 38. Bd1 Kg7 39. Kf2 Kf6 40. Ke1 Ke5 41. Kd2 Kxe4 42. Kc3 Ke3 43. b4 axb4+ 44. axb4 b6 45. Bg4 e5 46. Be6 e4 47. Bd5 f3 48. gxf3 exf3 49. c5 dxc5 50. bxc5 bxc5 51. Kc4 f2 52. Bg2 Nf3 53. Kxc5 Nd2 54. Kd5 f1Q 55. Bxf1 Nxf1 0-1

[Event "Titled Tuesday intern op 29th Sept"]
[Site "Chess.com INT"]
[Date "2020.09.29"]
[Round "3"]
[White "Trimitzios, Petros"]
[Black "Ruiz Sanchez, Orlen"]
[Result "1-0"]
[WhiteElo "2353"]
[BlackElo "2383"]
[PlyCount "55"]
[EventDate "2020.09.29"]
[EventType "swiss (blitz)"]
[EventRounds "10"]
[EventCountry "USA"]
[SourceTitle "CBM 198 Extra"]
[Source "ChessBase"]
[SourceDate "2020.11.30"]
[SourceVersion "1"]
[SourceVersionDate "2020.11.30"]
[SourceQuality "1"]

1. e4 c5 2. b4 cxb4 3. a3 bxa3 4. c3 d6 5. Nxa3 e6 6. d4 Nf6 7. Bd3 Be7 8. Ne2 0-0 9. 0-0 Nc6 10. h3 b6 11. Be3 Bb7 12. f4 Na5 13. Qc2 h6 14. g4 d5 15. e5 Ne4 16. f5 Bg5 17. Nf4 Qc8 18. fxe6 fxe6 19. Rac1 Re8 20. Ng2 Ba6 21. Bxg5 hxg5 22. c4 Nxc4 23. Bxe4 Nxa3 24. Bh7+ Kh8 25. Qg6 Qd7 26. Qh5 g6 27. Bxg6+ Kg8 28. Rf7 1-0

[Event "Titled Tuesday intern op 22nd Sept"]
[Site "Chess.com INT"]
[Date "2020.09.22"]
[Round "5"]
[White "Djordjevic, Vuk D"]
[Black "Ruiz Sanchez, Orlen"]
[Result "0-1"]
[WhiteElo "2347"]
[BlackElo "2383"]
[PlyCount "52"]
[EventDate "2020.09.22"]
[EventType "swiss (blitz)"]
[EventRounds "10"]
[EventCountry "USA"]
[SourceTitle "CBM 198 Extra"]
[Source "ChessBase"]
[SourceDate "2020.11.30"]
[SourceVersion "1"]
[SourceVersionDate "2020.11.30"]
[SourceQuality "1"]

1. d4 d5 2. Bf4 Nf6 3. e3 e6 4. Nd2 Bd6 5. Bg3 c5 6. c3 Nc6 7. Ngf3 Qe7 8. Bb5 Bd7 9. 0-0 0-0 10. Qe2 a6 11. Bxc6 Bxc6 12. a4 b5 13. axb5 Bxb5 14. c4 dxc4 15. Nxc4 Bxg3 16. hxg3 cxd4 17. Nxd4 Rfc8 18. Nxb5 axb5 19. Nb6 Rxa1 20. Rxa1 Rb8 21. Qxb5 Qb7 22. Qc5 h5 23. Nc4 Rc8 24. Qd4 Qc6 25. Ne5 Qc2 26. f3 Qe2 0-1

[Event "Titled Tuesday intern op 22nd Sept"]
[Site "Chess.com INT"]
[Date "2020.09.22"]
[Round "7"]
[White "Ruiz Sanchez, Orlen"]
[Black "Caspi, Israel"]
[Result "1-0"]
[WhiteElo "2383"]
[BlackElo "2489"]
[PlyCount "151"]
[EventDate "2020.09.22"]
[EventType "swiss (blitz)"]
[EventRounds "10"]
[EventCountry "USA"]
[SourceTitle "CBM 198 Extra"]
[Source "ChessBase"]
[SourceDate "2020.11.30"]
[SourceVersion "1"]
[SourceVersionDate "2020.11.30"]
[SourceQuality "1"]

1. e4 e5 2. Nf3 Nc6 3. Bb5 g6 4. 0-0 Bg7 5. c3 a6 6. Bxc6 dxc6 7. d4 exd4 8. cxd4 Bg4 9. Nc3 Bxf3 10. Qxf3 Qxd4 11. Rd1 Qf6 12. Bf4 Qe7 13. Qg3 Rc8 14. e5 Nh6 15. Bxh6 Bxh6 16. Qh3 0-0 17. Qxh6 Qxe5 18. Re1 Qg7 19. Qxg7+ Kxg7 20. Re7 Rfe8 21. Rae1 Rxe7 22. Rxe7 Kf6 23. Re2 Rd8 24. g3 h5 25. f4 b6 26. Kf2 c5 27. Ne4+ Kf5 28. Ng5 Rd7 29. h3 a5 30. Kf3 Rd3+ 31. Re3 Rxe3+ 32. Kxe3 f6 33. Ne4 g5 34. fxg5 fxg5 35. Nc3 Ke5 36. Ne4 Kf5 37. Nc3 Ke5 38. g4 hxg4 39. hxg4 c4 40. Ne4 b5 41. Nxg5 c5 42. Nf3+ Kd5 43. g5 a4 44. g6 Ke6 45. Ke4 Kf6 46. Ne5 Kg7 47. Kd5 a3 48. bxa3 c3 49. Kxc5 c2 50. Nd3 Kxg6 51. Kxb5 Kf5 52. Kc4 Ke4 53. Kc3 Kd5 54. Kxc2 Kc4 55. Nb2+ Kb5 56. Kb3 Ka5 57. a4 Ka6 58. Kb4 Ka7 59. a5 Ka8 60. Kb5 Kb8 61. Kb6 Ka8 62. a6 Kb8 63. Nd3 Ka8 64. Nf4 Kb8 65. Nh5 Ka8 66. Nf6 Kb8 67. Ne8 Ka8 68. Nc7+ Kb8 69. a7+ Kc8 70. a8Q+ Kd7 71. Qc6+ Ke7 72. Qe6+ Kd8 73. Qd6+ Kc8 74. Kc6 Kb8 75. Nb5+ Ka8 76. Qd8# 1-0

[Event "Titled Tuesday intern op 22nd Sept"]
[Site "Chess.com INT"]
[Date "2020.09.22"]
[Round "1"]
[White "Ruiz Sanchez, Orlen"]
[Black "Demidov, Mikhail"]
[Result "0-1"]
[WhiteElo "2383"]
[BlackElo "2519"]
[PlyCount "38"]
[EventDate "2020.09.22"]
[EventType "swiss (blitz)"]
[EventRounds "10"]
[EventCountry "USA"]
[SourceTitle "CBM 198 Extra"]
[Source "ChessBase"]
[SourceDate "2020.11.30"]
[SourceVersion "1"]
[SourceVersionDate "2020.11.30"]
[SourceQuality "1"]

1. e4 e6 2. d4 d5 3. Nc3 Be7 4. g4 c5 5. exd5 exd5 6. Bg2 Nf6 7. g5 Ne4 8. Nxd5 Qxd5 9. Qf3 Bf5 10. Ne2 cxd4 11. 0-0 Qd7 12. Nxd4 Bg6 13. Rd1 0-0 14. Bf4 Nc6 15. Nb5 Qf5 16. Nc7 Rad8 17. Bh3 Qa5 18. c4 Nxg5 19. Bxg5 Qxg5+ 0-1

[Event "Titled Tuesday intern op 22nd Sept"]
[Site "Chess.com INT"]
[Date "2020.09.22"]
[Round "4"]
[White "Ruiz Sanchez, Orlen"]
[Black "Zaksaite, Salomeja"]
[Result "1-0"]
[WhiteElo "2383"]
[BlackElo "2202"]
[PlyCount "59"]
[EventDate "2020.09.22"]
[EventType "swiss (blitz)"]
[EventRounds "10"]
[EventCountry "USA"]
[SourceTitle "CBM 198 Extra"]
[Source "ChessBase"]
[SourceDate "2020.11.30"]
[SourceVersion "1"]
[SourceVersionDate "2020.11.30"]
[SourceQuality "1"]

1. e4 c5 2. Nf3 e6 3. d4 cxd4 4. Nxd4 Nf6 5. Nc3 Nc6 6. Ndb5 d6 7. Bf4 e5 8. Bg5 a6 9. Na3 b5 10. Nd5 Be7 11. Bxf6 Bxf6 12. c4 b4 13. Nc2 0-0 14. Be2 a5 15. 0-0 Be7 16. Qd3 Be6 17. Rfd1 Bg5 18. Nde3 Be7 19. Bg4 Qd7 20. h3 Rfd8 21. Nf5 Nb8 22. c5 d5 23. exd5 Bxc5 24. Nce3 Bxe3 25. Nxe3 Bxg4 26. hxg4 Na6 27. Rac1 g6 28. g5 Nc7 29. Qe4 Qe7 30. d6 1-0

[Event "Titled Tuesday intern op 19th May"]
[Site "Chess.com INT"]
[Date "2020.05.19"]
[Round "1"]
[White "Jumabayev, Rinat"]
[Black "Ruiz Sanchez, Orlen"]
[Result "1-0"]
[WhiteElo "2654"]
[BlackElo "2383"]
[PlyCount "73"]
[EventDate "2020.05.19"]
[EventType "swiss (blitz)"]
[EventRounds "10"]
[EventCountry "USA"]
[SourceTitle "EXT 2021"]
[Source "ChessBase"]
[SourceDate "2020.10.23"]
[SourceVersion "1"]
[SourceVersionDate "2020.10.23"]
[SourceQuality "1"]

1. d4 d5 2. Bf4 Nf6 3. e3 Bf5 4. c4 e6 5. Nc3 Bb4 6. Nf3 Nc6 7. Bd3 Bxc3+ 8. bxc3 Bxd3 9. Qxd3 0-0 10. 0-0 Na5 11. cxd5 exd5 12. Nd2 c6 13. f3 Qd7 14. e4 Ne8 15. c4 dxc4 16. Nxc4 Nxc4 17. Qxc4 Nd6 18. Qb4 Nb5 19. Rfd1 a5 20. Qb2 a4 21. d5 a3 22. Qb4 Rfc8 23. Rab1 h6 24. h3 Qe8 25. Rb3 Kh7 26. Kh2 Ra6 27. Bg3 Rca8 28. e5 Ra4 29. Qc5 R8a5 30. Qb6 Ra7 31. f4 R4a6 32. Qc5 Ra5 33. d6 Qd7 34. Qf2 g6 35. f5 Qxf5 36. Qxf5 gxf5 37. d7 1-0

[Event "Titled Tuesday intern op 19th May"]
[Site "Chess.com INT"]
[Date "2020.05.19"]
[Round "3"]
[White "Kazakouski, Valery"]
[Black "Ruiz Sanchez, Orlen"]
[Result "1-0"]
[WhiteElo "2473"]
[BlackElo "2383"]
[PlyCount "133"]
[EventDate "2020.05.19"]
[EventType "swiss (blitz)"]
[EventRounds "10"]
[EventCountry "USA"]
[SourceTitle "EXT 2021"]
[Source "ChessBase"]
[SourceDate "2020.10.23"]
[SourceVersion "1"]
[SourceVersionDate "2020.10.23"]
[SourceQuality "1"]

1. d4 d5 2. c4 c6 3. cxd5 cxd5 4. Nc3 Nf6 5. Bg5 e6 6. e3 Be7 7. Bd3 0-0 8. f4 Nc6 9. Nf3 Bd7 10. 0-0 Rc8 11. Rc1 a6 12. Ne5 h6 13. Bxf6 Bxf6 14. Qh5 Be8 15. Rf3 Bxe5 16. fxe5 f5 17. Qh3 Bg6 18. Rcf1 Ne7 19. Rg3 Qe8 20. Ne2 Qf7 21. Nf4 Kh8 22. Qh4 Bh7 23. Ne2 Rc7 24. Rgf3 Rfc8 25. g4 b5 26. gxf5 Nxf5 27. Qg4 Qg6 28. Qxg6 Bxg6 29. Nf4 Bf7 30. Nxe6 Bxe6 31. Bxf5 Bxf5 32. Rxf5 Kg8 33. R5f2 Rc2 34. Kg2 a5 35. a3 b4 36. axb4 axb4 37. Kg3 b3 38. h4 Rxf2 39. Rxf2 Rc2 40. h5 Rc6 41. Kf3 Rc2 42. Re2 Kf7 43. Kf2 Ke6 44. Ke1 Rc1+ 45. Kd2 Rh1 46. Rg2 Rxh5 47. Rxg7 Kf5 48. Kc3 Rh3 49. Kd3 h5 50. Rf7+ Ke6 51. Rf6+ Ke7 52. Rb6 h4 53. Rxb3 Rh1 54. Rb7+ Ke6 55. Rh7 h3 56. Kc3 h2 57. Kb4 Kf5 58. b3 Ke6 59. Rh6+ Kf5 60. Kb5 Kg5 61. Rh8 Rb1 62. Rxh2 Rxb3+ 63. Kc5 Rxe3 64. Kxd5 Kf5 65. Rf2+ Kg6 66. e6 Kg7 67. Kd6 1-0

[Event "Titled Tuesday intern op 19th May"]
[Site "Chess.com INT"]
[Date "2020.05.19"]
[Round "8"]
[White "Koellner, Ruben Gideon"]
[Black "Ruiz Sanchez, Orlen"]
[Result "1-0"]
[WhiteElo "2376"]
[BlackElo "2383"]
[PlyCount "147"]
[EventDate "2020.05.19"]
[EventType "swiss (blitz)"]
[EventRounds "10"]
[EventCountry "USA"]
[SourceTitle "EXT 2021"]
[Source "ChessBase"]
[SourceDate "2020.10.23"]
[SourceVersion "1"]
[SourceVersionDate "2020.10.23"]
[SourceQuality "1"]

1. d4 d5 2. Bf4 Nf6 3. e3 Bf5 4. Bd3 Bxd3 5. Qxd3 c6 6. Nf3 Nbd7 7. Ne5 e6 8. 0-0 Be7 9. Nd2 0-0 10. c3 Rc8 11. h3 h6 12. Bh2 c5 13. g4 Qb6 14. Rab1 Rfe8 15. Kh1 Nxe5 16. Bxe5 Nd7 17. Nf3 Qa5 18. a3 Qa6 19. Qxa6 bxa6 20. Rfc1 c4 21. Bh2 a5 22. Rc2 a4 23. Kg2 Rc6 24. Re1 Rb6 25. Ree2 Nb8 26. e4 dxe4 27. Rxe4 Rd8 28. Ne5 Rc8 29. Ree2 Bd6 30. Nf3 Bxh2 31. Kxh2 Nc6 32. Kg2 Na5 33. Ne5 Rd8 34. f4 Rdb8 35. Nd7 R8b7 36. Nxb6 Rxb6 37. Re5 Nb3 38. Kf3 Na1 39. Rce2 Nb3 40. f5 exf5 41. gxf5 a5 42. Re8+ Kh7 43. Rd8 Nc1 44. Rc2 Nd3 45. Ke4 Nxb2 46. Rc8 g5 47. fxg6+ Kxg6 48. d5 f5+ 49. Kd4 Rb3 50. d6 Rb6 51. Rxb2 Rxb2 52. Kxc4 Rd2 53. Kc5 f4 54. c4 f3 55. Rf8 f2 56. Kc6 Kg5 57. c5 Kh4 58. Kc7 Kxh3 59. d7 Kg2 60. d8Q Rxd8 61. Kxd8 h5 62. c6 h4 63. c7 h3 64. c8Q h2 65. Qg4+ Kh1 66. Qf3+ Kg1 67. Qg3+ Kh1 68. Qf3+ Kg1 69. Rg8+ Kf1 70. Qg2+ Ke1 71. Re8+ Kd1 72. Qf3+ Kc1 73. Rh8 f1Q 74. Qxf1+ 1-0

[Event "Titled Tuesday intern op 19th May"]
[Site "Chess.com INT"]
[Date "2020.05.19"]
[Round "2"]
[White "Ruiz Sanchez, Orlen"]
[Black "Winslow, Elliott C"]
[Result "1-0"]
[WhiteElo "2383"]
[BlackElo "2150"]
[PlyCount "79"]
[EventDate "2020.05.19"]
[EventType "swiss (blitz)"]
[EventRounds "10"]
[EventCountry "USA"]
[SourceTitle "EXT 2021"]
[Source "ChessBase"]
[SourceDate "2020.10.23"]
[SourceVersion "1"]
[SourceVersionDate "2020.10.23"]
[SourceQuality "1"]

1. e4 c5 2. Nf3 d6 3. d4 cxd4 4. Qxd4 Nc6 5. Qe3 g6 6. Be2 Bg7 7. h3 Nf6 8. 0-0 Be6 9. Rd1 0-0 10. c4 Qc7 11. Nc3 a6 12. Bd2 Rac8 13. Rac1 Rfe8 14. b3 Qb8 15. Qf4 Nd7 16. Qh4 Nce5 17. Ng5 Nf8 18. f4 Nc6 19. Be3 Bd7 20. Nd5 b5 21. Nb6 Rc7 22. Nxd7 Nxd7 23. Qxh7+ Kf8 24. f5 Nf6 25. Qh4 Ne5 26. fxg6 Nxg6 27. Qf2 Ne5 28. cxb5 axb5 29. Rxc7 Qxc7 30. Rf1 Qc6 31. Bd4 Kg8 32. Bh5 Nxh5 33. Bxe5 Nf6 34. Bxf6 Bxf6 35. Qf5 Bxg5 36. Qxg5+ Kf8 37. Qh6+ Kg8 38. Rf3 Qc5+ 39. Kh2 Qe5+ 40. Rg3+ 1-0

[Event "Guillermo Garcia Memorial-A 28th"]
[Site "Santa Clara"]
[Date "2019.04.24"]
[Round "2"]
[White "Ruiz Sanchez, Orlen"]
[Black "Camaton Borbor, Carlos"]
[Result "1-0"]
[WhiteElo "2389"]
[BlackElo "2305"]
[PlyCount "67"]
[EventDate "2019.04.23"]
[EventType "tourn"]
[EventRounds "9"]
[EventCountry "CUB"]
[EventCategory "7"]
[SourceTitle "CBM 190 Extra"]
[Source "ChessBase"]
[SourceDate "2019.07.15"]
[SourceVersion "1"]
[SourceVersionDate "2019.07.15"]
[SourceQuality "1"]

1. e4 Nf6 2. e5 Nd5 3. d4 d6 4. Bc4 Nb6 5. Bb3 e6 6. Nf3 Be7 7. 0-0 0-0 8. Qe2 d5 9. c3 c5 10. Bc2 cxd4 11. cxd4 Nc6 12. Nc3 f5 13. exf6 Bxf6 14. Rd1 a6 15. b3 Bd7 16. Ba3 Rf7 17. Rac1 Nc8 18. Bb1 g6 19. Qd2 g5 20. Qe2 Rg7 21. Na4 g4 22. Ne5 Nxe5 23. dxe5 Bg5 24. Rc3 Bxa4 25. bxa4 Be7 26. Bc1 Bg5 27. Qxg4 Qe7 28. f4 Bh4 29. Qh5 Nb6 30. Rh3 Qc5+ 31. Be3 d4 32. Qxh4 dxe3 33. Bxh7+ Kf8 34. Qf6+ 1-0

[Event "Carlos Torre Memorial op 30th"]
[Site "Merida"]
[Date "2018.12.15"]
[Round "3"]
[White "Ortiz Suarez, Isan Reynaldo"]
[Black "Ruiz Sanchez, Orlen"]
[Result "1/2-1/2"]
[WhiteElo "2514"]
[BlackElo "2385"]
[PlyCount "70"]
[EventDate "2018.12.14"]
[EventType "swiss"]
[EventRounds "9"]
[EventCountry "MEX"]
[SourceTitle "CBM 187 Extra"]
[Source "ChessBase"]
[SourceDate "2018.11.04"]
[SourceVersion "1"]
[SourceVersionDate "2018.11.04"]
[SourceQuality "1"]

1. e4 c5 2. Nf3 d6 3. d4 cxd4 4. Nxd4 Nf6 5. Nc3 Nc6 6. Bg5 e6 7. Qd2 a6 8. 0-0-0 Bd7 9. f4 Be7 10. Nf3 b5 11. Bxf6 gxf6 12. Kb1 Qb6 13. f5 0-0-0 14. g3 Kb8 15. fxe6 fxe6 16. Bh3 Na5 17. Nd4 b4 18. Nce2 e5 19. Bxd7 Rxd7 20. Nf5 Nc4 21. Qd3 Rc8 22. Nc1 Bf8 23. Nb3 Rdc7 24. Nd2 Nxb2 25. Kxb2 Rc3 26. Qd5 R3c5 27. Qd3 Rc3 28. Qd5 R3c5 29. Qb3 Rc3 30. Qa4 Ra3 31. Qd7 Qa5 32. Ra1 Qc5 33. Rac1 Qa5 34. Ra1 Qc5 35. Rac1 Qa5 1/2-1/2

[Event "Montreal Varennes op"]
[Site "Montreal"]
[Date "2018.10.07"]
[Round "5"]
[White "Zhong, Kevin"]
[Black "Ruiz Sanchez, Orlen"]
[Result "1-0"]
[WhiteElo "1922"]
[BlackElo "2391"]
[PlyCount "77"]
[EventDate "2018.10.05"]
[EventType "swiss"]
[EventRounds "5"]
[EventCountry "CAN"]
[SourceTitle "CBM 187 Extra"]
[Source "ChessBase"]
[SourceDate "2018.11.04"]
[SourceVersion "1"]
[SourceVersionDate "2018.11.04"]
[SourceQuality "1"]

1. e4 c5 2. Ne2 d6 3. g3 h5 4. h3 Bd7 5. Bg2 Qc8 6. c3 Nf6 7. d4 Nc6 8. Be3 e5 9. d5 Ne7 10. f3 g6 11. h4 Bh6 12. Qd2 Bxe3 13. Qxe3 Kf8 14. Ng1 Kg7 15. Bh3 Rf8 16. Nd2 b5 17. Bxd7 Nxd7 18. Nh3 c4 19. Nf2 f5 20. Qg5 Qe8 21. g4 fxg4 22. fxg4 Qf7 23. Rf1 Qf6 24. Nh3 Qxg5 25. Nxg5 Nc5 26. gxh5 gxh5 27. Ke2 Ng6 28. Rg1 Rf4 29. b4 cxb3 30. axb3 Rxh4 31. b4 Rh2+ 32. Ke3 Na4 33. Raf1 Rc8 34. c4 Nb6 35. c5 dxc5 36. bxc5 Kh6 37. Nf7+ Kh7 38. Ng5+ Kh6 39. Rf6 1-0

[Event "Montreal Varennes op"]
[Site "Montreal"]
[Date "2018.10.06"]
[Round "2"]
[White "Ruiz Sanchez, Orlen"]
[Black "Robichaud, Louis"]
[Result "1-0"]
[WhiteElo "2391"]
[BlackElo "2022"]
[PlyCount "53"]
[EventDate "2018.10.05"]
[EventType "swiss"]
[EventRounds "5"]
[EventCountry "CAN"]
[SourceTitle "CBM 187 Extra"]
[Source "ChessBase"]
[SourceDate "2018.11.04"]
[SourceVersion "1"]
[SourceVersionDate "2018.11.04"]
[SourceQuality "1"]

1. e4 e5 2. Nc3 Nf6 3. d4 exd4 4. Qxd4 Nc6 5. Qd3 Be7 6. Bf4 d6 7. 0-0-0 0-0 8. h4 Be6 9. Qd2 a6 10. f3 Nh5 11. Bh2 Bxh4 12. Nge2 Bg5 13. f4 Bh6 14. Bg1 Bg4 15. Be3 f5 16. exf5 Rxf5 17. g3 g6 18. Rh4 Bf3 19. Bh3 Rf8 20. Be6+ Kh8 21. Rf1 Bxe2 22. Nxe2 Bg7 23. f5 Nxg3 24. Bg5 Bf6 25. fxg6 Nxe2+ 26. Kb1 Kg7 27. Bxf6+ 1-0

[Event "Guillermo Garcia Memorial-A 27th"]
[Site "Santa Clara"]
[Date "2018.05.31"]
[Round "9"]
[White "Oliva Castaneda, Kevel"]
[Black "Ruiz Sanchez, Orlen"]
[Result "1/2-1/2"]
[WhiteElo "2511"]
[BlackElo "2384"]
[PlyCount "67"]
[EventDate "2018.05.22"]
[EventType "tourn"]
[EventRounds "9"]
[EventCountry "CUB"]
[EventCategory "8"]
[SourceTitle "CBM 184 Extra"]
[Source "ChessBase"]
[SourceDate "2018.06.28"]
[SourceVersion "1"]
[SourceVersionDate "2018.06.28"]
[SourceQuality "1"]

1. d4 d5 2. c4 c6 3. Nf3 Nf6 4. e3 e6 5. b3 Bd6 6. Bb2 0-0 7. Bd3 b6 8. 0-0 Bb7 9. Nc3 Nbd7 10. Qc2 Rc8 11. Rad1 c5 12. cxd5 cxd4 13. Nxd4 Nxd5 14. Bxh7+ Kh8 15. Be4 Rxc3 16. Bxc3 Nxc3 17. Bxb7 Nxd1 18. Rxd1 Bxh2+ 19. Kxh2 Qb8+ 20. Kh3 Qxb7 21. Qc6 Qxc6 22. Nxc6 Nf6 23. f3 g6 24. e4 Kg7 25. b4 a6 26. Rd6 Rc8 27. Ne5 Rb8 28. a4 g5 29. Rc6 Rb7 30. Nc4 Nd7 31. Nd6 Ne5 32. b5 axb5 33. axb5 Rb8 34. Rc3 1/2-1/2

[Event "Guillermo Garcia Memorial-A 27th"]
[Site "Santa Clara"]
[Date "2018.05.26"]
[Round "5"]
[White "Ruiz Sanchez, Orlen"]
[Black "Martinez Duany, Lelys Stanley"]
[Result "1-0"]
[WhiteElo "2384"]
[BlackElo "2507"]
[PlyCount "61"]
[EventDate "2018.05.22"]
[EventType "tourn"]
[EventRounds "9"]
[EventCountry "CUB"]
[EventCategory "8"]
[SourceTitle "CBM 184 Extra"]
[Source "ChessBase"]
[SourceDate "2018.06.28"]
[SourceVersion "1"]
[SourceVersionDate "2018.06.28"]
[SourceQuality "1"]

1. e4 c5 2. Nf3 Nc6 3. d4 cxd4 4. Nxd4 g6 5. c4 Bg7 6. Be3 Nf6 7. Nc3 0-0 8. Be2 d6 9. 0-0 Bd7 10. h3 Nxd4 11. Bxd4 Bc6 12. Qc2 e6 13. Rad1 Qe7 14. f4 Rfe8 15. Bf3 Rac8 16. Qd2 b6 17. Bf2 Red8 18. Bh4 Rd7 19. Qe1 Qf8 20. f5 Re8 21. fxg6 hxg6 22. e5 Bxf3 23. exf6 Bxd1 24. fxg7 Qxg7 25. Bf6 Qh6 26. Qxd1 Rc8 27. Qd4 Rc5 28. Ne4 Rf5 29. Rxf5 gxf5 30. Bg5 e5 31. Bxh6 1-0

[Event "Carlos Torre Memorial op 29th"]
[Site "Merida"]
[Date "2017.12.17"]
[Round "6"]
[White "Ruiz Sanchez, Orlen"]
[Black "Ramirez Alvarez, Alejandro"]
[Result "1/2-1/2"]
[WhiteElo "2412"]
[BlackElo "2566"]
[PlyCount "50"]
[EventDate "2017.12.14"]
[EventType "swiss"]
[EventRounds "9"]
[EventCountry "MEX"]
[SourceTitle "CBM 182 Extra"]
[Source "ChessBase"]
[SourceDate "2018.02.23"]
[SourceVersion "1"]
[SourceVersionDate "2018.02.23"]
[SourceQuality "1"]

1. e4 c5 2. Nf3 e6 3. d4 cxd4 4. Nxd4 Nc6 5. Nc3 Qc7 6. Be3 a6 7. f4 b5 8. Bd3 Bb7 9. Qd2 Nf6 10. e5 Ng4 11. Bg1 f5 12. Nxf5 Ncxe5 13. fxe5 exf5 14. Bd4 Bc5 15. Bxf5 Bxd4 16. Qxd4 Qxe5+ 17. Qxe5+ Nxe5 18. 0-0-0 0-0 19. Be4 Bc6 20. Nd5 Rae8 21. Rhe1 Ng4 22. Bf3 Ne5 23. Be4 Ng4 24. Bf3 Ne5 25. Be4 Ng4 1/2-1/2